<?xml version="1.0" encoding="UTF-8"?>
<record
    xmlns:xsi="http://www.w3.org/2001/XMLSchema-instance"
    xsi:schemaLocation="http://www.loc.gov/MARC21/slim http://www.loc.gov/standards/marcxml/schema/MARC21slim.xsd"
    xmlns="http://www.loc.gov/MARC21/slim">

  <leader>01228aas a2200229   4500</leader>
  <datafield tag="952" ind1=" " ind2=" ">
    <subfield code="0">0</subfield>
    <subfield code="1">0</subfield>
    <subfield code="4">0</subfield>
    <subfield code="7">0</subfield>
    <subfield code="8">HEM</subfield>
    <subfield code="a">FUSBC</subfield>
    <subfield code="b">FUSBC</subfield>
    <subfield code="d">2016-01-26</subfield>
    <subfield code="l">0</subfield>
    <subfield code="o"> </subfield>
    <subfield code="r">2016-01-26 00:00:00</subfield>
    <subfield code="w">2016-01-26</subfield>
    <subfield code="y">ANA</subfield>
  </datafield>
  <datafield tag="999" ind1=" " ind2=" ">
    <subfield code="c">53869</subfield>
    <subfield code="d">53869</subfield>
  </datafield>
  <controlfield tag="001">768714001</controlfield>
  <controlfield tag="003">CO-MdFUSB</controlfield>
  <controlfield tag="005">20171128142603.0</controlfield>
  <controlfield tag="008">170808s1997    xxu||||| |||| 00| 0 eng d</controlfield>
  <datafield tag="022" ind1=" " ind2=" ">
    <subfield code="a">0098-9444</subfield>
  </datafield>
  <datafield tag="040" ind1=" " ind2=" ">
    <subfield code="a">CO-MdFUSB</subfield>
    <subfield code="b">spa</subfield>
    <subfield code="c">CO-MdFUSB</subfield>
    <subfield code="d">CO-MdFUSB</subfield>
  </datafield>
  <datafield tag="041" ind1=" " ind2=" ">
    <subfield code="a">eng</subfield>
  </datafield>
  <datafield tag="100" ind1=" " ind2=" ">
    <subfield code="a">Shanks, Hershel</subfield>
    <subfield code="e">autor</subfield>
  </datafield>
  <datafield tag="242" ind1="1" ind2="3">
    <subfield code="a">Un nombre en busca de una historia : </subfield>
    <subfield code="b">un papiro egipcio revela a un esclavo asi&#xE1;tico con un nombre b&#xED;blico : una partera mentada en &#xC9;xodo</subfield>
  </datafield>
  <datafield tag="245" ind1="1" ind2="0">
    <subfield code="a">A name in search of a story :</subfield>
    <subfield code="b"> an Egyptian papyrus reveals an Asiatic  slave with a biblical name -a midwife mentoned in Exodus</subfield>
  </datafield>
  <datafield tag="300" ind1=" " ind2=" ">
    <subfield code="a">Volumen 24. N&#xFA;mero 1 (1998), p&#xE1;ginas 6</subfield>
    <subfield code="c">: 28 cm.</subfield>
  </datafield>
  <datafield tag="520" ind1="1" ind2=" ">
    <subfield code="a">Shiphrah, por supuesto, es el nombre de una de las parteras hebreas a quien Fara&#xF3;n convoc&#xF3; para llevar a cabo su orden de que todos los ni&#xF1;os nacidos de los israelitas esclavizados fueran asesinados. Sin embargo, Sifrah no obedeci&#xF3; a Fara&#xF3;n; estaban dedicados a Dios, entonces dejaron vivir a los ni&#xF1;os.</subfield>
  </datafield>
  <datafield tag="546" ind1=" " ind2=" ">
    <subfield code="a">Texto en ingl&#xE9;s</subfield>
  </datafield>
  <datafield tag="650" ind1=" " ind2="7">
    <subfield code="9">403</subfield>
    <subfield code="a">Excavaciones arqueol&#xF3;gicas</subfield>
  </datafield>
  <datafield tag="773" ind1="0" ind2=" ">
    <subfield code="t">Biblical Archaeology Review</subfield>
    <subfield code="0">49395</subfield>
    <subfield code="9">59486</subfield>
    <subfield code="g">Volumen 24. N&#xFA;mero 1 (1998), p&#xE1;ginas 6</subfield>
    <subfield code="q">P&#xE1;gina 6</subfield>
  </datafield>
  <datafield tag="942" ind1=" " ind2=" ">
    <subfield code="c">ANA</subfield>
  </datafield>
</record>
